[Event "SRB-ch Semifinal 2021"]
[Site "Paracin"]
[Date "2021.03.22"]
[Round "9.4"]
[White "Radovanovic, Nikola"]
[Black "Drazic, Sinisa"]
[Result "0-1"]
[WhiteElo "2391"]
[BlackElo "2334"]
[Annotator "RC"]
[PlyCount "84"]
[EventDate "2021.03.16"]
[EventType "swiss"]
[EventCountry "SRB"]
[SourceTitle "playchess.com"]
[Source "ChessBase"]
[SourceQuality "1"]
[TimeControl "40/5400+30:1800+30"]

1. d4 {[%emt 0:02:20]} d5 {[%emt 0:00:00]} 2. c4 {[%emt 0:00:14]} c6 {[%emt 0:00:00]} 3. Nf3 {[%emt 0:03:02]} Nf6 {[%emt 0:00:45]} 4. e3 {[%emt 0:01:52]} Bg4 {[%emt 0:00:08]} 5. Nc3 {[%emt 0:03:50]} e6 {[%emt 0:00:50]} 6. h3 {[%emt 0:01:17]} Bxf3 {[%emt 0:00:03]} 7. Qxf3 {[%emt 0:00:10]} Bb4 {[%emt 0:00:20]} 8. Bd3 {[%emt 0:03:20]} Nbd7 {[%emt 0:00:15]} 9. O-O {[%emt 0:01:33]} O-O {[%emt 0:00:07]} 10. a3 {[%emt 0:21:45]} Ba5 {[%emt 0:07:46]} 11. b4 {[%emt 0:06:06]} Bc7 {[%emt 0:00:40]} 12. Bb2 {[%emt 0:01:40]} Re8 {[%emt 0:02:20]} 13. Rad1 {[%emt 0:11:03]} e5 {[%emt 0:13:03]} 14. cxd5 {[%emt 0:09:03]} cxd5 {[%emt 0:00:40]} 15. dxe5 {[%emt 0:01:34]} Nxe5 {[%emt 0:00:03]} 16. Qe2 {[%emt 0:00:26]} Qd6 {[%emt 0:08:22]} 17. f4 {[%emt 0:01:22]} Nxd3 {[%emt 0:00:23]} 18. Rxd3 {[%emt 0:00:43]} Qa6 {[%emt 0:11:12]} 19. Qd2 {[%emt 0:07:17]} Bb6 {[%emt 0:00:17]} 20. b5 {[%emt 0:04:20]} Qa5 {[%emt 0:00:11]} 21. Kh2 {[%emt 0:02:12]} Rad8 {[%emt 0:02:40]} 22. Rd1 {[%emt 0:00:56]} h6 {[%emt 0:07:39]} 23. Nxd5 {[%emt 0:05:52]} Nxd5 {[%emt 0:00:13]} 24. Qxa5 {[%emt 0:00:41]} Bxa5 {[%emt 0:00:02]} 25. Rxd5 {[%emt 0:00:11]} Rxd5 {[%emt 0:00:08]} 26. Rxd5 {[%emt 0:00:05]} Rxe3 {[%emt 0:00:06]} 27. a4 {[%emt 0:01:37]} Be1 {[%emt 0:00:23]} 28. Rd8+ {[%emt 0:05:14]} Kh7 {[%emt 0:00:05]} 29. Rd1 {[%emt 0:00:13]} Bg3+ {[%emt 0:02:00]} 30. Kh1 {[%emt 0:00:48]} a6 {[%emt 0:04:37]} 31. bxa6 {[%emt 0:01:27]} bxa6 {[%emt 0:00:01]} 32. f5 {[%emt 0:02:18]} a5 {[%emt 0:02:33]} 33. Bd4 {[%emt 0:00:49]} Re4 {[%emt 0:00:03]} 34. Kg1 {[%emt 0:01:03]} f6 {[%emt 0:00:47]} 35. Bf2 {[%emt 0:00:32]} Be5 {[%emt 0:00:06]} 36. g4 {[%emt 0:00:34]} Rxa4 {[%emt 0:11:56]} 37. Rd7 {[%emt 0:00:09]} Rc4 {[%emt 0:01:13]} 38. Ra7 {[%emt 0:00:48]} Rc1+ {[%emt 0:00:15]} 39. Kg2 {[%emt 0:00:11]} Rc2 {[%emt 0:00:08]} 40. Rd7 {[%emt 0:00:00]} a4 {[%emt 0:00:00]} 41. Rd3 {[%emt 0:03:36]} Bb2 {[%emt 0:00:48]} 42. Kf3 {[%emt 0:00:05]} Rxf2+ {[%emt 0:00:17]} 0-1

[Event "SRB-ch Semifinal 2021"]
[Site "Paracin"]
[Date "2021.03.22"]
[Round "9.5"]
[White "Zegarac, Vuk"]
[Black "Perunovic, Miodrag"]
[Result "1/2-1/2"]
[WhiteElo "2386"]
[BlackElo "2428"]
[Annotator "TA"]
[PlyCount "65"]
[EventDate "2021.03.16"]
[EventType "swiss"]
[EventCountry "SRB"]
[SourceTitle "playchess.com"]
[Source "ChessBase"]
[SourceQuality "1"]

{[%evp 17,65,-2,13,19,40,34,29,34,102,87,72,41,36,0,0,0,-15,-99,-16,-13,-25,-20,27,14,14,0,0,0,51,47,46,23,11,19,35,0,0,-9,-9,-33,0,0,0,0,0,0,0,0,0,0]} 1. d4 Nf6 2. c4 e6 3. Nc3 Bb4 4. e3 O-O 5. Bd2 d5 6. Nf3 b6 7. cxd5 exd5 8. Bd3 Bb7 9. O-O a6 10. Ne5 {E52: Nimzo-Indian: Rubinstein: 4...0-0 5 Nf3 d5 6 Bd3 b6.} Bd6 11. f4 c5 12. Be1 $1 {[%mdl 4] [#] White has an edge. is more profitable than 12.Qf3 at the moment.} Ne4 $146 (12... Nc6 $14) ({Predecessor:} 12... Nc6 13. Bf2 Nb4 14. Bb1 Rc8 15. Qf3 Rc7 16. a3 Nc6 17. g4 Na5 18. g5 Ne4 19. Nxe4 dxe4 20. Bxe4 Bxe4 21. Qxe4 cxd4 22. exd4 {1-0 (50) Li,C (2732)-Zeng,C (2539) China 2018}) 13. Qc2 $16 f5 14. dxc5 Bxc5 15. Rf3 Nd7 {Strongly threatening ...Nxe5.} 16. Nxd7 Qxd7 17. b4 (17. Na4 $11 {remains equal.}) 17... Be7 ({Black should try} 17... Bxb4 $17 {White must now prevent ...Rac8.} 18. Nxe4 Bxe1) 18. Rd1 $11 {aiming for Nxe4.} Qe6 19. Qb3 Rfd8 20. Bxe4 fxe4 21. Rg3 Rac8 22. Ne2 Qf7 (22... Rf8 $11) 23. Bc3 $14 Bf8 24. Nd4 Rc4 25. a3 Rd6 26. f5 Bc8 $1 27. Rf1 Rf6 28. Bb2 Bxf5 29. Ne2 {The position is equal.} Rg6 30. Nd4 Rf6 31. Ne2 Rg6 32. Nd4 Rf6 33. Ne2 {Weighted Error Value: White=0.13/Black=0.19} 1/2-1/2

[Event "SRB-ch Semifinal 2021"]
[Site "Paracin"]
[Date "2021.03.22"]
[Round "9.6"]
[White "Tadic, Stefan"]
[Black "Ivic, Matija"]
[Result "1-0"]
[WhiteElo "2419"]
[BlackElo "2186"]
[Annotator "TA"]
[PlyCount "37"]
[EventDate "2021.03.16"]
[EventType "swiss"]
[EventCountry "SRB"]
[SourceTitle "playchess.com"]
[Source "ChessBase"]
[SourceQuality "1"]

{[%evp 16,37,28,34,39,26,56,66,116,49,41,45,131,131,127,127,127,129,127,126,485,482,927,925]} 1. e4 d6 2. d4 Nf6 3. Nc3 e5 4. Nf3 Nbd7 5. Bc4 Be7 6. O-O O-O 7. a4 a5 8. Re1 c6 {8...b6 is not played anymore.} 9. h3 Re8 {C41: Philidor Defence.} 10. Ba2 Qb6 11. Be3 {[#] aiming for Ng5.} Qb4 $146 {[#]White is slightly better.} (11... Qxb2 $2 12. Qd3 $18) ({Predecessor:} 11... exd4 12. Bxd4 Nc5 13. Ng5 Rf8 14. e5 dxe5 15. Rxe5 Bd6 16. Re1 Qc7 17. Bxf6 gxf6 {1-0 (32) Shashikant,K (2285)-Murali Krishnan,B (2444) New Delhi 2009}) 12. Qd2 (12. Bb3 $1 $16 exd4 13. Bxd4 (13. Nxd4 Nc5 $11)) 12... exd4 $14 13. Bxd4 Nc5 (13... Nf8 $14) 14. Bxc5 $16 Qxc5 {[#]} 15. e5 $1 {[%cal Re5f6]} dxe5 16. Rxe5 Qb4 17. Rae1 {Strongly threatening Rxe7!} Kf8 {[%mdl 8192]} (17... Be6 $16 {is tougher.}) 18. Ng5 $18 Rd8 (18... Bd7 $142 19. Bxf7 Qd6) 19. Qe3 {Weighted Error Value: White=0.07/Black=1.05} ({Not} 19. Rxe7 Qxe7 20. Qc1 (20. Rxe7 Rxd2 21. Rxf7+ Ke8 $11) 20... Qb4 $11) 1-0

[Event "SRB-ch Semifinal 2021"]
[Site "Paracin"]
[Date "2021.03.22"]
[Round "9.7"]
[White "Ivanovic, Marko"]
[Black "Abramovic, Bosko"]
[Result "0-1"]
[WhiteElo "2274"]
[BlackElo "2330"]
[Annotator "TA"]
[PlyCount "112"]
[EventDate "2021.03.16"]
[EventType "swiss"]
[EventCountry "SRB"]
[SourceTitle "playchess.com"]
[Source "ChessBase"]
[SourceQuality "1"]

{[%evp 14,111,63,32,101,89,101,99,93,93,133,142,157,150,258,248,235,230,324,231,229,194,196,176,162,112,127,133,117,92,104,106,98,112,333,339,316,163,174,178,138,133,151,100,252,245,240,198,158,185,386,0,-7,0,0,0,0,0,0,-11,0,0,-6,-10,0,0,0,0,0,0,0,-83,-83,-309,-306,-248,-162,-901,-886,-1461,-1439,-1334,-1164,-12793,-12772,-5085,-6121,-29984,-29984,-29986,-29987,-29987,-29988,-29988,-29989,-29997,-29998,-29998,-29999,-29999]} 1. e4 c5 2. Nf3 e6 3. d4 cxd4 4. Nxd4 Nc6 5. Nc3 a6 6. Nxc6 bxc6 7. Bd3 e5 8. O-O Ne7 {[#] B46: Sicilian: Taimanov: 5 Nc3 a6.} ({Better is} 8... Nf6 $14) 9. Bg5 $146 ({Predecessor:} 9. f4 exf4 10. Bc4 Ng6 11. Bxf4 Bc5+ 12. Kh1 O-O 13. Qh5 d6 14. Rf3 Nxf4 15. Rxf4 g6 16. Qe2 {½-½ (30) Bartolomaeus,C (2219)-Roehl,R (2149) Mecklenburg VP 2003}) 9... h6 10. Be3 Ng6 {White is better.} 11. Bc4 Bb7 12. Qh5 Qf6 13. Rad1 Nf4 (13... Bb4 $16 14. Na4 Rd8) 14. Bxf4 Qxf4 15. Rd3 g6 (15... Be7 $142 16. Ne2 Qf6) 16. Qe2 {Strongly threatening Rfd1.} Rh7 17. Rfd1 d6 18. Na4 f5 19. exf5 Qxc4 20. fxg6 Rg7 21. Nb6 {[%csl LRa8,LRc4][%mdl 64] Double Attack} Qe6 22. Nxa8 Bxa8 23. f4 $1 e4 $2 (23... Bb7 $16) 24. Rb3 $18 Bb7 25. Qh5 (25. f5 $142 Qxf5 26. Rf1 Qxg6 27. Qf2) 25... Kd8 26. f5 (26. Qxh6 $6 d5 $16) 26... Qf6 27. Qxh6 d5 28. c4 ({White should try} 28. g3) 28... Qxf5 $2 (28... Rd7 $16 29. Qe3 Bd6) 29. cxd5 $1 cxd5 30. Qh8 {Rf1! is the strong threat.} Kc7 31. Rc3+ $1 Bc6 $2 (31... Kd7) 32. Rf1 $2 ({Stronger than} 32. Rdc1 Rxg6 33. Qd4 Qd7 $14) (32. g3 $1 $18 {Hoping for Rf1.} d4 33. Rxc6+ $1 Kxc6 34. Rf1 Qxg6 35. Qxf8 (35. Rc1+ Kb7 $18)) 32... Qxg6 $11 {[%csl Gg7][%cal Rg6g2]} 33. Rg3 Bc5+ 34. Kh1 Rh7 {White must now prevent ...Qh6!} 35. Qc3 $1 Qd6 $40 {[%mdl 128] aiming for ...d4. Black has some attack.} 36. Rf6 {[#]} Bb4 37. Rxd6 Bxc3 38. Rxc6+ $1 Kxc6 39. bxc3 {[%mdl 4096] Endgame KR-KR} Kc5 40. Kg1 Kc4 41. h3 a5 {[%cal Ba6a5,Ba5a4,Ba4a3][%mdl 32] With the idea ...a4.} 42. Kf2 (42. Re3 $1 $11 {remains equal.}) 42... a4 $17 {And now ...a3 would win.} 43. Ke2 $2 (43. a3 $17) 43... a3 $19 44. Rg8 Kxc3 45. Rc8+ $2 (45. Ra8) 45... Kd4 46. Ra8 Rb7 47. Rxa3 Rb2+ 48. Kf1 e3 49. h4 Ke4 50. h5 d4 {[%cal Bd5d4,Bd4d3,Bd3d2][%mdl 32] Black mates.} 51. Rb3 Rxb3 52. axb3 {[#]} Kd3 $1 (52... d3 53. h6 $18) 53. Ke1 e2 54. h6 Ke3 55. h7 d3 {[%csl Ge3][%cal Rd3d2]} 56. h8=Q d2# {Weighted Error Value: White=0.58/Black=0.18} 0-1

[Event "SRB-ch Semifinal 2021"]
[Site "Paracin"]
[Date "2021.03.22"]
[Round "9.8"]
[White "Popovic, Milan S"]
[Black "Milosevic, Milos"]
[Result "1/2-1/2"]
[WhiteElo "2327"]
[BlackElo "2315"]
[Annotator "TA"]
[PlyCount "32"]
[EventDate "2021.03.16"]
[EventType "swiss"]
[EventCountry "SRB"]
[SourceTitle "playchess.com"]
[Source "ChessBase"]
[SourceQuality "1"]

{[%evp 22,23,0,0]} 1. d4 d5 2. c4 c6 3. cxd5 cxd5 4. Nc3 Nc6 5. Nf3 Nf6 6. Bf4 Bf5 7. e3 e6 8. Bd3 Bxd3 9. Qxd3 Bd6 10. Bxd6 Qxd6 11. O-O O-O 12. Rfc1 {[#]} {Predecessor:} Rfc8 $146 {D14: Slav Defence: Exchange variation with ...Bf5.} 13. Ne2 Ne7 14. Nc3 Nc6 15. Ne2 Ne7 16. Nc3 Nc6 {½-½ (16) Amin,B (2695)-Adly,A (2615) Tornelo INT 2021} 1/2-1/2

[Event "SRB-ch Semifinal 2021"]
[Site "Paracin"]
[Date "2021.03.22"]
[Round "9.9"]
[White "Arandjelovic, Aleksandar Z"]
[Black "Irizanin, Radoje"]
[Result "1/2-1/2"]
[WhiteElo "1925"]
[BlackElo "2343"]
[Annotator "TA"]
[PlyCount "130"]
[EventDate "2021.03.16"]
[EventType "swiss"]
[EventCountry "SRB"]
[SourceTitle "playchess.com"]
[Source "ChessBase"]
[SourceQuality "1"]

{[%evp 28,130,31,0,25,0,0,0,0,0,29,0,0,0,0,-47,-66,-126,-120,-118,-125,-127,-90,-98,-88,-260,-240,-420,-436,-433,-399,-421,-400,-426,364,361,352,353,308,208,308,287,251,151,172,113,102,0,22,22,22,0,0,0,0,0,0,0,0,0,28,28,28,0,49,46,60,33,33,33,59,21,39,38,31,33,37,0,0,-48,-48,-48,-48,-57,-48,-133,-85,-78,0,-18,-20,-20,0,0,0,0,0,0,0,0,0,0,0,0,0]} 1. d4 d5 2. c4 e6 3. Nc3 c6 4. Nf3 dxc4 5. e3 b5 6. a4 Bb4 7. Bd2 a5 8. axb5 Bxc3 9. Bxc3 cxb5 10. b3 Bb7 11. bxc4 b4 12. Bb2 Nf6 13. Bd3 O-O $1 {[%mdl 4] now scores much better than the old 13...Nbd7.} 14. O-O Nbd7 15. Re1 Ne4 {D31: Queen's Gambit Declined: Semi-Slav without ...Nf6 (+ Marshall Gambit and Noteboom) and Exchange Variation lines without ...Nf6.} 16. Nd2 f5 17. f3 Nxd2 18. Qxd2 Qg5 {White should prevent ...Bxf3.} 19. Rf1 {[#]} Nf6 $146 ({Predecessor:} 19... Rfb8 20. Rf2 a4 21. Qxb4 Bxf3 22. Qd2 Bc6 23. d5 exd5 24. Bxf5 Nb6 25. Qd4 Nxc4 {1-0 (38) Wenninger,P (2254)-Balazs,B (1873) Magdeburg 2014}) 20. Rae1 Rfb8 21. d5 (21. Rb1 {is interesting.} a4 22. Bc1 b3 23. Ra1 Bc6 24. Ra3) 21... exd5 22. Qc2 (22. Be5 $15) 22... dxc4 23. Bxc4+ Kh8 24. Be6 Bc8 25. Bb3 {next Be5 is good for White.} Ba6 26. f4 $2 {[#]} (26. Rf2 $17 {was worth a try.}) 26... Qh4 $1 $19 27. Qxf5 $2 (27. g3 {is a better defense.} Qh6 28. Be5 Bxf1 29. Bxb8 Rxb8 30. Kxf1) 27... Bxf1 28. Rxf1 a4 29. Be6 b3 30. g3 Qh5 {[%mdl 8192] [#]} (30... Qh6 $19 {avoids the disaster.} 31. Be5 Rd8) 31. Qxf6 $1 $18 {[%csl Gb2][%cal Rf6g7][%mdl 512]} Qg6 32. Qe5 {And now f5 would win.} Rf8 33. Ba3 Rfe8 (33... Rfd8 $142 34. Bb2 Rf8) 34. f5 Qf6 35. Qxf6 gxf6 36. Rf4 (36. Kf2 $18) 36... h6 37. Rh4 ({White should play} 37. e4 $16) 37... Kh7 38. Rc4 Ra7 39. Kg2 (39. Kf2 {keeps more tension.} Rb8 40. Rc1 b2 41. Rb1 Rc7 42. Kf3) 39... Rb7 40. Rxa4 {Hoping for Bb2.} b2 41. Bxb2 Rxb2+ $11 {[%mdl 4096] Endgame KRR-KRB} 42. Kf3 {Threatening Ra7+.} Re7 43. h3 Rc7 44. Ra8 Rb6 45. Kf4 Rcb7 46. Bd5 Rd7 47. Bg8+ Kg7 48. Be6 Rdb7 49. Rd8 (49. Bd5 $5 {[%cal Rd5b7]}) 49... Re7 50. Bd5 Rb1 51. e4 h5 52. Rg8+ Kh7 53. Rf8 (53. g4 {looks sharper.} Rf1+ 54. Kg3 Rxe4 55. Rf8 Re3+ 56. Kh4) 53... Rf1+ 54. Ke3 Rxf5 55. Kd4 Rf1 (55... Rg5 {with more complications.} 56. Rxf6 Rxg3 57. e5 Rxh3 58. e6 Rg3) 56. g4 (56. Ke3 $15) 56... h4 57. Kc5 Rh1 (57... Re5 $17 58. Kd6 Rf4 59. Rf7+ Kg6) 58. Rxf6 {The position is equal.} Rxh3 {aiming for ...Rd3.} 59. Kd6 Rg7 {Strongly threatening ...Ra3.} (59... Ra7 {is more complex.} 60. g5 Rh2 61. Be6 Kg7 62. Bf5 h3) 60. Be6 Rd3+ 61. Ke5 h3 62. Bf5+ Kg8 63. Be6+ Kh7 64. Bf5+ Kg8 65. Be6+ Kh7 {Quite a comeback for White.  Weighted Error Value: White=0.28/Black=0.22} 1/2-1/2

[Event "SRB-ch Semifinal 2021"]
[Site "Paracin"]
[Date "2021.03.22"]
[Round "9.10"]
[White "Martic, Ivan"]
[Black "Nikolic, Zoran S"]
[Result "1-0"]
[WhiteElo "2321"]
[BlackElo "2103"]
[Annotator "TA"]
[PlyCount "81"]
[EventDate "2021.03.16"]
[EventType "swiss"]
[EventCountry "SRB"]
[SourceTitle "playchess.com"]
[Source "ChessBase"]
[SourceQuality "1"]

{[%evp 20,81,20,21,25,22,33,20,42,24,31,21,39,38,39,43,50,-8,62,46,46,8,13,13,42,33,39,28,42,17,54,59,91,79,100,59,73,0,90,65,81,78,81,87,89,97,79,56,128,60,78,53,120,25,28,15,96,96,96,96,700,684,996,992]} 1. c4 Nf6 2. Nf3 e6 3. g3 d5 4. Bg2 Be7 5. O-O O-O 6. d4 dxc4 7. Qc2 a6 8. Qxc4 b5 9. Qc2 Bb7 10. Bf4 Bd6 {has lost popularity (10...Nc6).} 11. Nbd2 Nd5 {E05: Open Catalan: 5 Nf3 Be7.} 12. e3 Nd7 {[#]} 13. Nb3 $146 ({Predecessor:} 13. a3 h6 14. Nb3 a5 15. Rfd1 Qe7 16. Rac1 Ra6 17. Nc5 Bxc5 18. dxc5 Rc6 19. Qd2 Rxc5 20. Qxa5 {0-1 (62) Argandona Riveiro,I (2371)-Santos Latasa,J (2155) San Sebastian 2009}) 13... Nxf4 {The position is equal.} 14. gxf4 Bd5 15. Rfc1 g6 16. Ne5 Bxg2 17. Kxg2 Nb6 18. Qe2 (18. Nc5 $14) 18... Nd5 (18... Qe8 $11) 19. Kh1 f6 20. Nf3 Qe7 21. Qd3 Rac8 22. Nc5 Ra8 23. Qe4 Rfe8 24. a3 Kf7 25. Rc2 Reb8 26. Rg1 {Strongly threatening f5!} Rg8 27. Rgc1 Rgb8 28. Rg1 {aiming for f5!} Rg8 $1 29. Qd3 Rgb8 30. Qf1 Re8 31. Qh3 Kg7 32. Rcc1 Qf7 33. Rg4 Kh8 (33... Bxc5 $14 34. Rxc5 Kg8) 34. Ne4 ({Better is} 34. Nd3 $16) 34... Rg8 $14 35. Rcg1 Rae8 {[#]} (35... Rg7 $1 $14) 36. Rh4 (36. Nfg5 $1 $16 {[%mdl 512]} fxg5 37. Nxg5) 36... Rg7 $11 37. Rh6 Ne7 {[#]} (37... a5 $11) 38. Nxf6 $1 $16 Qxf6 39. Ng5 {[%cal Rh6h7]} Qxg5 $4 {[%mdl 8192]} 40. Rxg5 $18 Nf5 41. Rhxg6 {Weighted Error Value: White=0.22/Black=0.40} 1-0